Murillo (Record no. 166700)

MARC details
000 -LEADER
campo de control de longitud fija 00693nam a22002055i 4500
001 - NÚMERO DE CONTROL
campo de control 166700
003 - IDENTIFICADOR DE NÚMERO DE CONTROL
campo de control ES-MaACL
005 - FECHA Y HORA DE LA ÚLTIMA TRANSACCIÓN
campo de control 20250817065102.0
008 - DATOS DE LONGITUD FIJA--INFORMACIÓN GENERAL
campo de control de longitud fija 940301s1864 sp |||| | spa d
040 ## - FUENTE DE CATALOGACIÓN
Centro catalogador/agencia de origen AS
Lengua de catalogación spa
080 ## - NÚMERO DE LA CLASIFICACIÓN DECIMAL UNIVERSAL
Número de la Clasificación Decimal Universal 75 Murillo, Bartolomé Esteban
080 ## - NÚMERO DE LA CLASIFICACIÓN DECIMAL UNIVERSAL
Número de la Clasificación Decimal Universal 929 Murillo, Bartolomé Esteban
100 1# - ENTRADA PRINCIPAL--NOMBRE DE PERSONA
Nombre de persona Tubino, Francisco María,
Fechas asociadas al nombre 1833-1888
9 (RLIN) 111620
245 10 - MENCIÓN DEL TÍTULO
Título Murillo
Resto del título : su época, su vida, sus cuadros /
Mención de responsabilidad, etc. por Francisco M. Tubino.
260 ## - PUBLICACIÓN, DISTRIBUCIÓN, ETC.
Lugar de publicación, distribución, etc. Sevilla :
Nombre del editor, distribuidor, etc. La Andalucía,
Fecha de publicación, distribución, etc. 1864.
300 ## - DESCRIPCIÓN FÍSICA
Extensión XIII, 301 p. ;
Dimensiones 22 cm.
600 14 - PUNTO DE ACCESO ADICIONAL DE MATERIA--NOMBRE DE PERSONA
Nombre de persona Murillo, Bartolomé Esteban,
Fechas asociadas al nombre 1617-1682
9 (RLIN) 84581
852 ## - LOCALIZACIÓN
Ubicación ES-MaACL
Número de control de estantería G-12333
Nota libre -- Enc. hol.
Holdings
Estatus retirado Estado de pérdida Estado de daño No para préstamo Colección Biblioteca de origen Biblioteca actual Ubicación en estantería Fecha de adquisición Fuente de adquisición Total de préstamos Signatura topográfica completa Código de barras Visto por última vez Precio de reemplazo Tipo de ítem Koha
        Libros del s. XIX Biblioteca del Ateneo de Madrid Biblioteca del Ateneo de Madrid Sala Pecera Planta 3 17/01/2008     G-12333 1174833 23/02/2023 23/02/2023 Libro impreso antiguo